| 000 | 00356nam a22001337a 4500 | ||
|---|---|---|---|
| 020 | _qPB. | ||
| 040 | _cFIZZA ISHAQ | ||
| 082 |
_a620.0015 _bOCZ |
||
| 100 |
_aZIENKIEWICZ, O.C. _990174 |
||
| 245 |
_aFINITE ELEMENT METHOD ITS BASIS FUNDAMENTALS / _cO.C. ZIENKIEWICZ. |
||
| 260 |
_aNEW YORK ; _bBUTTERWORTH, _c2013. |
||
| 300 | _a714 P. ; | ||
| 942 |
_2ddc _cBK |
||
| 999 |
_c588537 _d588537 |
||